| 000 | 01542nam a2200481 i 4500 | ||
|---|---|---|---|
| 001 | 32407 | ||
| 003 | KOSZ 005 | ||
| 005 | 20240405063057.0 | ||
| 008 | 980713s1997 pl a |001 0 pol | ||
| 015 | _aUWD 1997/14209 | ||
| 020 | _a8301121378 | ||
| 035 | _a991005155499705066 | ||
| 035 | _a(PL-WaBN)b11351627-48omnis_nlop | ||
| 035 | _ab11351627 | ||
| 035 | _a(OCoLC)69615272 | ||
| 035 | _azz2004815450 | ||
| 035 | _a(PL)b0000001135162 | ||
| 035 | _a(EXLNZ-48OMNIS_NETWORK)9910032044805606 | ||
| 040 |
_aWA N _cWA N _dKOSZ 005/HR |
||
| 046 | _k1980 | ||
| 080 | _a94(438).07 | ||
| 100 | 1 |
_aKieniewicz, Stefan _d(1907-1992) _eAutor |
|
| 245 | 1 | 0 |
_aHistoria Polski : _b1795-1918 / _cStefan Kieniewicz. |
| 250 | _aWyd. 9. | ||
| 260 |
_aWarszawa : _bWydawnictwo Naukowe PWN, _c1997. |
||
| 300 |
_a597, [3] s. : _bil., faks., fot., mapy, portr., 1 wykr. ; _c25 cm. |
||
| 336 |
_aTekst _btxt _2rdacontent |
||
| 337 |
_aBez urządzenia pośredniczącego _bn _2rdamedia |
||
| 338 |
_aWolumin _bnc _2rdacarrier |
||
| 380 | _aKsiążki | ||
| 388 | _a1901-2000 | ||
| 388 | _a1945-1989 | ||
| 504 | _aBibliogr. s. 550-562. - Indeksy. | ||
| 648 | 7 |
_a1701-1800 _2DBN |
|
| 648 | 7 |
_a1801-1900 _2DBN |
|
| 648 | 7 |
_a1901-2000 _2DBN |
|
| 651 | 7 |
_aPolska _2DBN |
|
| 658 | _aHistoria | ||
| 710 | 2 |
_aWydawnictwo Naukowe PWN _4pbl |
|
| 856 |
_uhttp://koha.tu.koszalin.pl/cgi-bin/koha/opac-detail.pl?biblionumber=32407 _yKatalog online BPK |
||
| 942 |
_2UKD _cKS |
||
| 999 |
_c32407 _d32407 |
||